=LDR 00000nam 2200000 4500 =001 INLIS000000000809820 =008 ###################################ind## =035 ##$$a 0010-0825000313 =245 ##$$a Manajemen Kelas Untuk Menciptakan Iklim Belajar Yang Kondusif / $c Seni Aprilia =260 ##$$b Visindo Media Persada =020 ##$$a 9785023333 =084 ##$$a 371.1 LIA m =520 ##$$a Metode mengajar dan belajar =082 ##$$a 371.1